Statistics for Least Populous World Capitals

Click here to take the quiz!

General Stats

  • This quiz has been taken 23 times
  • The average score is 22 of 30

Answer Stats

ContinetAnswerPopulation% Correct
EuropeVatican City826
95%
EuropeSan Marino4,493
91%
EuropeVaduz5,248
91%
EuropeMonaco35,986
86%
EuropeAndorra la Vella22,884
82%
North AmericaKingstown40,020
82%
OceaniaNuku'alofa22,400
82%
AfricaSao Tome56,166
82%
OceaniaApia39,813
77%
North AmericaBasseterre13,043
77%
OceaniaSouth Tarawa30,000
77%
AfricaVictoria29,298
77%
North AmericaCastries20,000
73%
OceaniaFunafuti4,492
73%
OceaniaPalikir9,900
73%
OceaniaPort Vila38,000
73%
North AmericaRoseau14,847
73%
North AmericaSt. John's22,679
73%
EuropeValletta6,444
73%
North AmericaPort of Spain50,479
68%
North AmericaSt. George's7,500
68%
OceaniaYaren1,100
68%
North AmericaBelmopan16,451
64%
OceaniaMajuro25,400
64%
AsiaBandar Seri Begawan28,135
59%
AsiaDili59,069
59%
AfricaGitega41,944
59%
OceaniaHoniara59,288
59%
OceaniaNgerulmud271
59%
AfricaBanjul34,828
45%

Score Distribution

Percentile by Number Answered

Percent of People with Each Score

Your Score History

You have not taken this quiz